Philippines Daily Inquirer (Makati City, Philippines)

Detalles Bibliográficos
Formato: eBook
Lenguaje:inglés
Publicado: Makati: Knowledge Bylanes, 2013 -
Materias:
Acceso en línea:Acceso restringido

MARC

LEADER 00000nam a22000007a 4500
005 20191017221040.0
007 cr|||| ||||
008 191017c20139999ph dr|w s|||| 0|||b1eng d
022 |a 0116-2462 
035 |a 22177 
040 |a vLex 
090 |c 9886  |d 9886 
245 0 0 |a Philippines Daily Inquirer (Makati City, Philippines)  |h [Recurso electrn̤ico] / 
256 |a Servicio en ln̕ea 
260 |a Makati:  |b Knowledge Bylanes,  |c 2013 - 
300 |a 1 recurso electrn̤ico 
310 |a Diaria 
506 1 |a Disponible solo en los productos indicados  |d vLex Global  |d vLex Global (Academic Edition, excluding Law Schools)  |d vLex Global (U.S. Academic Edition, Law Schools)  |d vLex Global (U.S. Academic Edition, excluding Law Schools)  |d vLex Global (Academic Edition, Law Schools) 
650 0 4 |a Materias no jurd̕icas  |z Filipinas 
740 0 |a vLex Revistas (Servicio en ln̕ea) 
856 4 0 |u http://vlex.com/source/22177  |z Acceso restringido 
942 |c REV 
999 0 |a Non-legal matters